000 00698cam a22002177a 4500
999 _c329679
_d329679
001 986833
003 NUST
005 20170614102921.0
008 940308s1985 pk 000 0 snd
010 _a 85931075
040 _aDLC
_cDLC
_dDLC
050 0 0 _aMLCSA 92/02696 (P)
082 _a891.4393
_bDIP
100 1 _aD̤īplāʾī, Muḥammadu ʻUs̲mānu,
_d1908-1981.
_91006
245 1 0 _aSānghaṛ :
_bnāvil /
_cMuḥammadu Us̲mānu D̤īplāʾī.
250 _aChāpo 2.
260 _aḤaidarābād :
_bĀgam Pablishing Ejansī,
_c1985.
300 _a272 p. :
_c21 cm.
500 _aIn Urdu.
650 _aUrdu Literature
_9347
880 _6100-01\(3\r
_aمحمد عثمان ڈیپلایٗ
880 _6245-02\(3\r
_a(سانگھڑ (ناول
_cمحمد عثمان ڈیپلایٗ، ترجمہ ثریا سوزڈیپلایٗ
880 _6260-03\(3\r
_aلاہور:
_bفکشن ہاوس،
_c2002
906 _a7
_bcbc
_corignew
_du
_encip
_f19
_gy-gencatlg
942 _2ddc
_cBK